Claudine en la escuela / (Record no. 45427)

MARC details
000 -LEADER
campo de control de longitud fija 00633nam a2200205 i 4500
001 - NÚMERO DE CONTROL
campo de control 45427
003 - IDENTIFICADOR DE NÚMERO DE CONTROL
campo de control ES-MaACL
005 - FECHA Y HORA DE LA ÚLTIMA TRANSACCIÓN
campo de control 20250918063025.0
007 - CAMPO FIJO DE DESCRIPCIÓN FÍSICA--INFORMACIÓN GENERAL
campo de control de longitud fija t|
008 - DATOS DE LONGITUD FIJA--INFORMACIÓN GENERAL
campo de control de longitud fija 030326s1986 sp ||||1| spa d
100 1# - ENTRADA PRINCIPAL--NOMBRE DE PERSONA
Nombre de persona Colette,
Fechas asociadas al nombre 1873-1954
9 (RLIN) 161423
245 10 - MENCIÓN DEL TÍTULO
Título Claudine en la escuela /
Mención de responsabilidad, etc. Colette ; traducción de José Batlló.
260 ## - PUBLICACIÓN, DISTRIBUCIÓN, ETC.
Lugar de publicación, distribución, etc. Barcelona :
Nombre del editor, distribuidor, etc. Anagrama,
Fecha de publicación, distribución, etc. [1986]
300 ## - DESCRIPCIÓN FÍSICA
Extensión 238 p. ;
Dimensiones 20 cm.
490 1# - MENCIÓN DE SERIE
Mención de serie Panorama de narrativas ;
Designación de volumen o secuencia 78
700 1# - ENTRADA AGREGADA--NOMBRE PERSONAL
Nombre de persona Batlló, José,
Fechas asociadas al nombre 1939-2016
9 (RLIN) 26456
830 00 - PUNTO DE ACCESO ADICIONAL DE SERIE-TÍTULO UNIFORME
Título uniforme Panorama de narrativas
Designación de volumen o secuencia 78
9 (RLIN) 123642
852 ## - LOCALIZACIÓN
Ubicación ES-MaACL
Número de control de estantería L-10123
Sublocalización o colección R.111954
Holdings
Estatus retirado Estado de pérdida Estado de daño No para préstamo Biblioteca de origen Biblioteca actual Ubicación en estantería Fecha de adquisición Fuente de adquisición Total de préstamos Signatura topográfica completa Código de barras Visto por última vez Precio de reemplazo Tipo de ítem Koha
        Biblioteca del Ateneo de Madrid Biblioteca del Ateneo de Madrid Depósito 2 17/01/2008     L-10123 1047799 23/02/2023 23/02/2023 Libro impreso